000 00401nam a2200145Ia 4500
008 231129s2004||||xx |||||||||||||| ||spa||
020 _a958-30-1080-4
040 _bspa
082 _a745.723 Q7de
100 _aQuintero Ovalle Zandra
245 0 _aDecorando al estilo country papel hecho a mano
260 _c2004
264 _aPanamericana
942 _2ddc
_cBKS
999 _c8868
_d8868